[Event "17th Asian Cities"]
[Site "Jakarta INA"]
[Date "2011.04.25"]
[Round "4.5"]
[White "Ahmed, Abdul Sattar abdulwhhab"]
[Black "Sihite, Chelsie Monica"]
[Result "0-1"]
[WhiteTitle "FM"]
[BlackTitle "WFM"]
[WhiteElo "2322"]
[BlackElo "2039"]
[WhiteTeam "Baghdad"]
[BlackTeam "Tarakan"]
[WhiteFideId "4801849"]
[BlackFideId "7101198"]
[EventDate "2011.04.22"]

1. e4 e5 2. Nf3 Nc6 3. d4 exd4 4. Bc4 Bc5 5. c3 Nf6 6. O-O Nxe4 7. cxd4 d5 8.
dxc5 dxc4 9. Qe2 Qd3 10. Re1 f5 11. Nc3 O-O 12. Nxe4 fxe4 13. Qxe4 Bf5 14. Qf4
Bd7 15. Qg3 Nd4 16. Nxd4 Qxd4 17. Be3 Qxb2 18. Rab1 Qxa2 19. Rxb7 Rac8 20. Bd4
Rf7 21. Rxc7 Rxc7 22. Qxc7 h6 23. h3 Qd2 24. Qe5 c3 25. Qe3 Qxe3 26. Rxe3 c2 27.
Rc3 Ba4 28. Be5 Re7 29. f4 Rb7 0-1

[Event "17th Asian Cities"]
[Site "Jakarta INA"]
[Date "2011.04.25"]
[Round "4.5"]
[White "Dewi, Aa Citra"]
[Black "Ismael, Namir Mohammed"]
[Result "1/2-1/2"]
[WhiteTitle "WFM"]
[WhiteElo "1994"]
[BlackElo "2188"]
[WhiteTeam "Tarakan"]
[BlackTeam "Baghdad"]
[WhiteFideId "7101244"]
[BlackFideId "4800800"]
[EventDate "2011.04.22"]

1. e4 c5 2. Nf3 Nc6 3. d4 cxd4 4. Nxd4 e5 5. Nb5 d6 6. N1c3 a6 7. Na3 b5 8. Nd5
Nf6 9. Bg5 Be7 10. Bxf6 Bxf6 11. c3 O-O 12. Nc2 Rb8 13. g3 Bg5 14. h4 Bh6 15.
Nce3 Bxe3 16. Nxe3 a5 17. Bg2 Be6 18. O-O Ne7 19. Qd2 Qb6 20. Kh2 b4 21. cxb4
Qxb4 22. Qxb4 Rxb4 23. b3 Nc6 24. Nc2 Rb6 25. Rfd1 Rd8 26. Rd2 Kf8 27. Rad1 Ke7
28. Bh3 a4 29. bxa4 Bxh3 30. Kxh3 Ra6 31. Ne3 Nd4 32. Nd5+ Kf8 33. Nc3 g6 34. f4
Rda8 35. Nb5 Rxa4 36. Nxd4 exd4 37. Rxd4 Rxa2 38. Rxd6 Re2 39. Rd8+ Rxd8 40.
Rxd8+ Ke7 41. Rd4 h5 42. Ra4 Ke6 43. Ra6+ Ke7 44. Ra7+ Kf6 45. Ra6+ Kg7 46. e5
Rf2 47. Ra1 Re2 48. Rg1 f6 49. exf6+ Kxf6 50. g4 hxg4+ 51. Kxg4 Ra2 52. Rg3 Ra1
53. Rb3 Rg1+ 54. Kf3 Rf1+ 55. Kg4 1/2-1/2

[Event "17th Asian Cities"]
[Site "Jakarta INA"]
[Date "2011.04.25"]
[Round "4.7"]
[White "Iskandar, Bin Abdullah"]
[Black "Stany, G.A."]
[Result "0-1"]
[WhiteElo "1876"]
[BlackElo "2407"]
[WhiteTeam "Singapore"]
[BlackTeam "Bangalore"]
[WhiteFideId "5802105"]
[BlackFideId "5029104"]
[EventDate "2011.04.22"]

1. d4 Nf6 2. c4 e6 3. Nc3 Bb4 4. Qc2 O-O 5. Bg5 c5 6. e3 cxd4 7. exd4 Nc6 8. Nf3
d5 9. a3 Be7 10. c5 h6 11. Bf4 Bd7 12. Bd3 Rc8 13. b4 Nh5 14. Be3 Bg5 15. Nxg5
hxg5 16. h4 g4 17. g3 Qf6 18. Qe2 Nxd4 19. Qxg4 Nb3 20. Nd1 Qxa1 21. Qxh5 f5 22.
g4 Qxa3 23. gxf5 Qxb4+ 24. Kf1 Bb5 0-1

[Event "17th Asian Cities"]
[Site "Jakarta INA"]
[Date "2011.04.25"]
[Round "4.8"]
[White "Lane, Gary W."]
[Black "Yee, Soon Wei"]
[Result "1-0"]
[WhiteTitle "IM"]
[BlackTitle "FM"]
[WhiteElo "2366"]
[BlackElo "2285"]
[WhiteTeam "Sydney"]
[BlackTeam "Bandar Seri Begawan"]
[WhiteFideId "3203301"]
[BlackFideId "10500553"]
[EventDate "2011.04.22"]

1. e4 e5 2. Nf3 Nc6 3. Bb5 a6 4. Ba4 Nf6 5. O-O Be7 6. Re1 b5 7. Bb3 O-O 8. d4
Nxd4 9. Nxd4 exd4 10. e5 Ne8 11. Qxd4 Bb7 12. c4 c5 13. Qg4 d6 14. Bf4 dxe5 15.
Bxe5 Bf6 16. Nc3 Bxe5 17. Rxe5 Qd6 18. Qg3 Nc7 19. Rd1 Qb6 20. Re7 Ne8 21. cxb5
c4 22. Bxc4 axb5 23. Bxb5 Rc8 24. Qe3 Qxe3 25. fxe3 Ba8 26. Bxe8 Rfxe8 27. Rxe8+
Rxe8 28. Kf2 Rb8 29. b4 g6 30. b5 1-0

[Event "17th Asian Cities"]
[Site "Jakarta INA"]
[Date "2011.04.25"]
[Round "4.9"]
[White "Omar, Noaman"]
[Black "Pourkashiyan, Atousa"]
[Result "1-0"]
[BlackTitle "WGM"]
[WhiteElo "2253"]
[BlackElo "2371"]
[WhiteTeam "Sharjah"]
[BlackTeam "Mashhad"]
[WhiteFideId "9300244"]
[BlackFideId "12502014"]
[EventDate "2011.04.22"]

1. d4 Nf6 2. c4 e6 3. Nf3 Bb4+ 4. Nbd2 b6 5. a3 Bxd2+ 6. Qxd2 Bb7 7. e3 O-O 8.
Be2 d6 9. O-O Nbd7 10. b4 Ne4 11. Qc2 f5 12. d5 Rf6 13. Nd4 Nf8 14. f3 Ng5 15.
dxe6 f4 16. exf4 Ngxe6 17. Nxe6 Nxe6 18. Bd3 h6 19. Be4 Rb8 20. Bxb7 Rxb7 21.
Qe4 Qc8 22. Re1 Nf8 23. Bb2 Re6 24. Qc6 Rb8 25. Kf2 a5 26. Rxe6 Nxe6 27. g3 Qb7
28. Qxb7 Rxb7 29. f5 Nf8 30. f6 gxf6 31. Bxf6 axb4 32. axb4 b5 33. c5 dxc5 34.
Be7 Ne6 35. Bxc5 Nxc5 36. bxc5 b4 37. Rb1 b3 38. Rb2 Rb5 39. Ke3 Rxc5 40. Rxb3
Kg7 41. h4 Rc1 42. Rb4 Rc6 43. g4 Rc1 44. Rd4 Re1+ 45. Kf4 Re7 46. Rc4 Rf7+ 47.
Kg3 Rd7 48. Rc6 Rf7 49. h5 Kh7 50. f4 Rd7 51. Kf3 Rg7 52. Re6 Rd7 53. Ke4 Rf7
54. Ke5 Rg7 55. Kf5 Rf7+ 56. Ke4 Rg7 57. Kf3 Rd7 58. Rc6 Rg7 59. Kg3 Rd7 60. Rc4
Rf7 61. g5 hxg5 62. fxg5 Rd7 63. Kg4 Re7 64. h6 Rd7 65. Kh5 Kh8 66. Rc5 Re7 67.
g6 Rd7 68. Kg5 Kg8 69. Re5 Rd8 70. h7+ Kg7 71. Re7+ Kh8 72. Kh6 1-0

[Event "17th Asian Cities"]
[Site "Jakarta INA"]
[Date "2011.04.25"]
[Round "4.9"]
[White "Ghader Pour, Shayesteh"]
[Black "Abdulkarim, Ali"]
[Result "1-0"]
[WhiteTitle "WIM"]
[WhiteElo "2241"]
[BlackElo "1898"]
[WhiteTeam "Mashhad"]
[BlackTeam "Sharjah"]
[WhiteFideId "12500747"]
[BlackFideId "9301640"]
[EventDate "2011.04.22"]

1. e4 e6 2. d4 d5 3. Nd2 c5 4. exd5 Qxd5 5. Ngf3 cxd4 6. Bc4 Qd6 7. O-O Nf6 8.
Nb3 Nc6 9. Nbxd4 Nxd4 10. Nxd4 Bd7 11. Re1 O-O-O 12. Bg5 h6 13. Bh4 Qc7 14. Re3
Bd6 15. Qe2 Bxh2+ 16. Kh1 g5 17. Rc3 Kb8 18. Bxe6 Qf4 19. Bxd7 Qxd4 20. Kxh2
Qxh4+ 21. Rh3 Qf4+ 22. g3 Qe4 23. Bb5 Qxe2 24. Bxe2 Rd2 25. Bd3 Rxf2+ 26. Kg1
Rf3 27. Kg2 Re3 28. Rf1 Re6 29. Rf5 g4 30. Rh1 Kc7 31. Rhf1 Ne4 32. Rxf7+ Kb6
33. Bxe4 Rxe4 34. R1f6+ Ka5 35. Rxb7 a6 36. c3 Ra8 37. Rf5+ Ka4 38. Rb3 1-0

[Event "17th Asian Cities"]
[Site "Jakarta INA"]
[Date "2011.04.25"]
[Round "4.9"]
[White "Alavi, Homa"]
[Black "Walid, Anwar"]
[Result "1-0"]
[WhiteElo "2008"]
[BlackElo "1775"]
[WhiteTeam "Mashhad"]
[BlackTeam "Sharjah"]
[WhiteFideId "12507547"]
[BlackFideId "9302271"]
[EventDate "2011.04.22"]

1. d4 d5 2. c4 e6 3. Nc3 Be7 4. Nf3 Nf6 5. Bg5 O-O 6. e3 h6 7. Bf4 c5 8. Bd3 Nc6
9. a3 dxc4 10. Bxc4 cxd4 11. exd4 Qb6 12. O-O Rd8 13. Be3 Ng4 14. Qd3 Bf6 15.
Rad1 Qc7 16. Ba2 Nge5 17. Qe4 Nxf3+ 18. gxf3 Ne7 19. Bb1 Ng6 20. Qg4 e5 21. Qe4
Bh3 22. Nd5 Rxd5 23. Qxd5 Rd8 24. Rc1 Rxd5 25. Rxc7 Bxf1 26. Kxf1 exd4 27. Ba2
Bd8 28. Rxb7 Rf5 29. Bxd4 Bh4 30. Rxa7 Rxf3 31. Bb1 Bf6 32. Bxf6 Rxf6 33. Bxg6
Rxg6 34. b4 Re6 35. b5 g6 36. a4 Rb6 37. Ra6 Rb7 38. b6 Kf8 39. Ra8+ Kg7 40. a5 1-0

[Event "17th Asian Cities"]
[Site "Jakarta INA"]
[Date "2011.04.25"]
[Round "4.10"]
[White "Al Razi, Naji Mohd Saeed"]
[Black "Yeap, Eng Chiam"]
[Result "0-1"]
[WhiteElo "2209"]
[BlackElo "2140"]
[WhiteTeam "Dubai"]
[BlackTeam "Penang"]
[WhiteFideId "9300813"]
[BlackFideId "5702682"]
[EventDate "2011.04.22"]

1. d4 Nf6 2. c4 d5 3. cxd5 Bf5 4. Nc3 Nxd5 5. Nf3 Nc6 6. e3 Ndb4 7. e4 Bg4 8.
Be3 Bxf3 9. gxf3 Nxd4 10. Bxd4 Qxd4 11. Qa4+ Nc6 12. Bb5 Qxa4 13. Bxa4 O-O-O 14.
Bxc6 bxc6 15. Rc1 e5 16. Ke2 g6 17. Na4 Rd4 18. b3 Bh6 19. Rxc6 Rd2+ 20. Kf1
Rxa2 21. Kg2 Rd8 22. Nc3 Rc2 23. Ra1 Be3 24. Nd5 Rxc6 25. fxe3 Kb7 26. Ra5 Rc2+
27. Kg3 c6 28. Nb4 Rc3 29. Rxe5 Rd7 30. Kf4 Rxb3 31. Nc2 Rb5 32. Re8 Rh5 0-1

[Event "17th Asian Cities"]
[Site "Jakarta INA"]
[Date "2011.04.25"]
[Round "4.10"]
[White "Abdulla, Ali"]
[Black "Lee, Kah Meng Elgin"]
[Result "0-1"]
[WhiteElo "1669"]
[BlackElo "1904"]
[WhiteTeam "Dubai"]
[BlackTeam "Penang"]
[WhiteFideId "9302336"]
[BlackFideId "5701996"]
[EventDate "2011.04.22"]

1. d4 d5 2. c4 c6 3. cxd5 cxd5 4. Nc3 Nc6 5. Nf3 Nf6 6. Bf4 Bf5 7. e3 Qb6 8. Qb3
Qxb3 9. axb3 Rc8 10. Ne5 a6 11. Be2 e6 12. O-O Nxe5 13. Bxe5 Nd7 14. Bg3 Bb4 15.
Rfc1 O-O 16. Na2 Bd2 17. Rxc8 Rxc8 18. Bd1 Bc2 19. Bd6 Bxd1 20. Rxd1 Rc2 21. Rb1
Nf6 22. Nb4 Bxb4 23. Bxb4 Ne4 24. f3 Nf2 25. Bc3 Nd3 26. Rd1 Nxb2 27. Bxb2 Rxb2
28. Rd3 f5 29. Kf1 b5 30. Rc3 Kf7 31. Rc7+ Kf6 32. Ra7 Rxb3 33. Rxa6 Rxe3 34.
Rb6 Rb3 35. Kf2 f4 0-1

[Event "17th Asian Cities"]
[Site "Jakarta INA"]
[Date "2011.04.25"]
[Round "4.11"]
[White "Verdiana, Norasya"]
[Black "Kuan, Julian"]
[Result "1-0"]
[WhiteElo "1915"]
[BlackElo "1768"]
[WhiteTeam "Pekanbaru"]
[BlackTeam "Hongkong"]
[WhiteFideId "7102402"]
[BlackFideId "6001025"]
[EventDate "2011.04.22"]

1. e4 c5 2. Nf3 d6 3. d4 cxd4 4. Nxd4 Nf6 5. Nc3 g6 6. Be3 Bg7 7. f3 O-O 8. Qd2
Nc6 9. Bc4 Bd7 10. O-O-O Rc8 11. Bb3 Ne5 12. h4 Nc4 13. Bxc4 Rxc4 14. h5 Nxh5
15. g4 Nf6 16. Bh6 Nxe4 17. Nxe4 Rxd4 18. Qh2 Rxd1+ 19. Kxd1 Be5 20. Bf4 h5 21.
gxh5 Bxf4 22. Qxf4 Bf5 23. Qh6 g5 24. Qxg5+ Kh8 25. Qxf5 Rg8 26. Ng5 Rg7 27.
Nxf7+ Rxf7 28. Qxf7 1-0

[Event "17th Asian Cities"]
[Site "Jakarta INA"]
[Date "2011.04.25"]
[Round "4.12"]
[White "Jayamurthey, Pavitranayagi"]
[Black "Jang, Kyungsik"]
[Result "1-0"]
[WhiteElo "1676"]
[BlackElo "1779"]
[WhiteTeam "Putrajaya"]
[BlackTeam "Seoul"]
[WhiteFideId "5708885"]
[BlackFideId "13201166"]
[EventDate "2011.04.22"]

1. e4 c5 2. Nf3 Nc6 3. d4 cxd4 4. Nxd4 g6 5. Be3 Bg7 6. Nc3 Nf6 7. f3 O-O 8. Bc4
Qb6 9. Bb3 Nxe4 10. fxe4 Bxd4 11. Nd5 Qa5+ 12. Bd2 Qd8 13. c3 Bg7 14. h4 d6 15.
h5 Be6 16. hxg6 fxg6 17. Nc7 Qxc7 18. Bxe6+ Kh8 19. Qg4 Ne5 20. Rxh7+ 1-0

[Event "17th Asian Cities"]
[Site "Jakarta INA"]
[Date "2011.04.25"]
[Round "5.1"]
[White "Yu, Yangyi"]
[Black "Kazhgaleyev, Murtas"]
[Result "1/2-1/2"]
[WhiteTitle "GM"]
[BlackTitle "GM"]
[WhiteElo "2652"]
[BlackElo "2618"]
[WhiteTeam "Shi Jiazhuang"]
[BlackTeam "Astana"]
[WhiteFideId "8603820"]
[BlackFideId "13700316"]
[EventDate "2011.04.22"]

1. e4 e5 2. Nf3 Nc6 3. d4 exd4 4. Nxd4 Nf6 5. Nxc6 bxc6 6. e5 Ne4 7. Bd3 Nc5 8.
O-O d6 9. Bf4 Be7 10. Nc3 O-O 11. Re1 d5 12. Ne2 Ne6 13. c4 Bb4 14. Rf1 Nxf4 15.
Nxf4 Qg5 16. Qf3 Qxe5 17. cxd5 Bd6 18. g3 c5 19. b3 g6 20. Bc4 Qf5 21. Bd3 Qe5
22. Bc4 Qf5 23. Bd3 Qe5 24. Bc4 Qf5 1/2-1/2

[Event "17th Asian Cities"]
[Site "Jakarta INA"]
[Date "2011.04.25"]
[Round "5.1"]
[White "Jumabayev, Rinat"]
[Black "Li, Chao b"]
[Result "0-1"]
[WhiteTitle "GM"]
[BlackTitle "GM"]
[WhiteElo "2562"]
[BlackElo "2646"]
[WhiteTeam "Astana"]
[BlackTeam "Shi Jiazhuang"]
[WhiteFideId "13702661"]
[BlackFideId "8604436"]
[EventDate "2011.04.22"]

1. d4 Nf6 2. c4 g6 3. Nc3 d5 4. Nf3 Bg7 5. Qb3 dxc4 6. Qxc4 O-O 7. e4 Nc6 8. Bf4
Nh5 9. Be3 Bg4 10. d5 Na5 11. Qb4 Bxf3 12. gxf3 b6 13. O-O-O c5 14. dxc6 Nxc6
15. Rxd8 Nxb4 16. Rd7 e6 17. Be2 Be5 18. a3 Nc6 19. Bb5 Rfc8 20. Kb1 Na5 21. Ba6
Rd8 22. Rxd8+ Rxd8 23. Ne2 Nb3 24. f4 Bb8 25. e5 f6 26. exf6 Kf7 27. Kc2 Nc5 28.
Bc4 Kxf6 29. b4 Ne4 30. Bb3 Ng7 31. Ng3 Nxg3 32. hxg3 h5 33. Bc1 Nf5 34. Bc4
Nd4+ 35. Kb1 Nf3 36. Be2 Nd2+ 37. Kc2 Ne4 38. Be3 e5 39. fxe5+ Bxe5 40. Bd3 Rc8+
41. Kd1 Nc3+ 42. Kd2 Nd5 43. Rb1 g5 44. Rh1 Rh8 45. Be4 Rd8 46. Bxd5 Rxd5+ 47.
Ke2 Kg6 48. a4 Bf6 49. b5 Rd7 50. Rc1 Kf5 51. Rc6 Bd4 52. Bc1 Bc5 53. Rh6 Kg4
54. Rg6 Rd5 55. Rg7 Re5+ 56. Kf1 Rf5 57. f4 Kf3 58. Rxg5 Rf7 59. Rd5 h4 60. gxh4
Rg7 61. Rd3+ Ke4 62. Rc3 Bd4 63. Rh3 Rg1+ 64. Ke2 Rxc1 65. h5 Rc7 66. h6 Rh7 67.
f5 Bf6 68. Rh5 Kf4 69. Kd3 Kg4 70. Rh1 Kxf5 71. Kc4 Kg6 72. Kd5 Bc3 73. Rh3 Bd2
74. Kc6 Kf5 75. Rd3 Bf4 76. Rd8 Rc7+ 77. Kd5 Bxh6 0-1

[Event "17th Asian Cities"]
[Site "Jakarta INA"]
[Date "2011.04.25"]
[Round "5.1"]
[White "Wan, Yunguo"]
[Black "Kotsur, Pavel"]
[Result "1/2-1/2"]
[BlackTitle "GM"]
[WhiteElo "2458"]
[BlackElo "2562"]
[WhiteTeam "Shi Jiazhuang"]
[BlackTeam "Astana"]
[WhiteFideId "8603189"]
[BlackFideId "13700278"]
[EventDate "2011.04.22"]

1. e4 e6 2. d4 d5 3. Nc3 Nf6 4. Bg5 dxe4 5. Nxe4 Nbd7 6. Nf3 h6 7. Nxf6+ Nxf6 8.
Bh4 c5 9. Bd3 Qb6 10. O-O cxd4 11. Nxd4 Bd7 12. c3 Bc5 13. Bxf6 gxf6 14. Nb3 Be7
15. Qh5 a5 16. Nd4 a4 17. Bb5 Bxb5 18. Nxb5 Rc8 19. Nd4 Kf8 20. Rab1 Rc5 21. Qd1
Qa6 22. Re1 h5 23. Re3 Rg8 24. Qf3 Re5 25. Rbe1 Rgg5 26. Rxe5 Rxe5 27. Rxe5 fxe5
28. Qxh5 Bf6 29. Nf3 Qd3 30. Qh6+ Ke7 31. Qc1 e4 32. Ne1 Qd5 33. b3 axb3 34.
Qa3+ Kd7 35. Qxb3 Qxb3 36. axb3 Bxc3 37. Nc2 f5 38. f3 exf3 39. gxf3 Be5 40. Ne1
Kd6 41. Nd3 Bd4+ 42. Kf1 e5 43. Ke2 Ke6 44. Nb4 Bc5 45. Nc2 Kf6 46. Ne1 Bb4 47.
Ng2 Ke6 48. Kd3 b5 49. Ne3 Bc5 50. Ng2 Kd5 51. Ne3+ Ke6 52. Ng2 Bf2 53. Ke2 Bg1
54. h3 Kd5 55. Nh4 Ke6 56. Ng2 Bc5 57. Nh4 Be7 58. Ng2 1/2-1/2

[Event "17th Asian Cities"]
[Site "Jakarta INA"]
[Date "2011.04.25"]
[Round "5.1"]
[White "Ismagambetov, Anuar"]
[Black "Wang, Rui"]
[Result "1/2-1/2"]
[WhiteTitle "GM"]
[BlackTitle "GM"]
[WhiteElo "2496"]
[BlackElo "2437"]
[WhiteTeam "Astana"]
[BlackTeam "Shi Jiazhuang"]
[WhiteFideId "13701525"]
[BlackFideId "8601003"]
[EventDate "2011.04.22"]

1. e4 e5 2. Nf3 Nc6 3. Bb5 a6 4. Ba4 Nf6 5. O-O Be7 6. Re1 b5 7. Bb3 d6 8. c3
O-O 9. h3 Nb8 10. d4 Nbd7 11. Nbd2 Bb7 12. Bc2 Re8 13. a4 Bf8 14. Bd3 c6 15. b3
Qc7 16. Bb2 d5 17. exd5 Nxd5 18. Qc2 exd4 19. Bxh7+ Kh8 20. Nxd4 c5 21. N4f3 c4
22. Be4 N7f6 23. axb5 axb5 24. Bxd5 Rxe1+ 25. Rxe1 Bxd5 26. Nd4 Qb7 27. f3 Bc5
28. bxc4 bxc4 29. Bc1 Qa7 30. Nf1 Bxd4+ 31. cxd4 Qxd4+ 32. Be3 Qd3 33. Qxd3 cxd3
34. Rd1 Ra3 35. Bc5 Rb3 36. Kf2 Be6 37. Nd2 Rb7 38. Bd4 Nd5 39. Ne4 Nb4 40. Nc5
Rc7 41. Nxe6 Rc2+ 42. Kg3 fxe6 43. f4 Rc7 44. Kf3 Kg8 45. Be5 Rd7 46. Bc3 Nd5
47. Be5 Nb6 48. h4 Nc4 49. Bc3 Rd5 50. g4 g6 51. g5 Kf7 52. Ra1 d2 53. Ke2 d1=Q+
54. Rxd1 Rxd1 55. Kxd1 Ne3+ 56. Ke2 Ng2 57. Kf3 Nxh4+ 58. Ke4 Nf5 59. Bb4 Ng3+ 1/2-1/2

[Event "17th Asian Cities"]
[Site "Jakarta INA"]
[Date "2011.04.25"]
[Round "5.2"]
[White "Hamdani, Rudin"]
[Black "Ghaem Maghami, Ehsan"]
[Result "0-1"]
[WhiteTitle "FM"]
[BlackTitle "GM"]
[WhiteElo "2368"]
[BlackElo "2606"]
[WhiteTeam "Palembang"]
[BlackTeam "Tehran"]
[WhiteFideId "7100213"]
[BlackFideId "12500739"]
[EventDate "2011.04.22"]

1. e4 c5 2. Nf3 d6 3. d4 cxd4 4. Nxd4 Nf6 5. Nc3 a6 6. Be3 e5 7. Nf3 Be7 8. Bc4
O-O 9. Bb3 Nc6 10. h3 Be6 11. O-O h6 12. Qd3 Rc8 13. Rfd1 Qc7 14. Qe2 Na5 15.
Nh2 Nc4 16. Bc1 Qd7 17. Nf1 b5 18. Ng3 Rfd8 19. Nh5 Nxh5 20. Qxh5 Na5 21. Bd5 b4
22. Ne2 Rxc2 23. Ng3 Bf8 24. Nf5 Kh7 25. Ne3 Rcc8 26. Qe2 Qb5 27. Qh5 Qd7 28.
Ng4 Qe7 29. Ne3 Nc6 30. Qe2 a5 31. Qd3 Kg8 32. Bd2 Nd4 33. a3 Rb8 34. axb4 axb4
35. Rf1 g6 36. Ra4 b3 37. f4 exf4 38. Rxf4 Nc2 39. Nf5 Qd7 40. Ra5 Nb4 41. Qd4
Nxd5 42. exd5 Bxf5 43. Bc3 f6 44. g4 Re8 45. gxf5 g5 0-1

[Event "17th Asian Cities"]
[Site "Jakarta INA"]
[Date "2011.04.25"]
[Round "5.2"]
[White "Moradiabadi, Elshan"]
[Black "Halay, Taufik"]
[Result "0-1"]
[WhiteTitle "GM"]
[BlackTitle "IM"]
[WhiteElo "2537"]
[BlackElo "2346"]
[WhiteTeam "Tehran"]
[BlackTeam "Palembang"]
[WhiteFideId "12501255"]
[BlackFideId "7101392"]
[EventDate "2011.04.22"]

1. d4 d5 2. c4 c6 3. Nf3 e6 4. e3 Nf6 5. b3 Nbd7 6. Bb2 Ne4 7. Bd3 f5 8. O-O Bd6
9. Ba3 Bxa3 10. Nxa3 O-O 11. Ne1 Qa5 12. Nb1 Kh8 13. f3 Nef6 14. Nc2 dxc4 15.
bxc4 c5 16. Nd2 Qc7 17. a4 b6 18. a5 Bb7 19. Qe2 Bc6 20. axb6 axb6 21. Rfb1 Rxa1
22. Rxa1 Ra8 23. Qe1 Rxa1 24. Qxa1 h6 25. Nb3 Qb7 26. Bf1 Qa8 27. Qb2 Qa4 28.
Nc1 Ne8 29. Nd3 Nd6 30. dxc5 bxc5 31. Ne5 Kh7 32. Ne1 Nxe5 33. Qxe5 Qd1 34. Qc3
e5 35. Kf2 e4 36. f4 Nf7 37. Be2 Qd6 38. g3 Nd8 39. Ng2 Bd7 40. Nh4 g6 41. Qa5
Nc6 42. Qb6 h5 43. Ng2 Qe7 44. Ne1 Nb4 45. Qc7 Kg7 46. Kf1 Kf7 47. Qb8 Kg7 48.
Qb6 Be6 49. Kg2 Bf7 50. Kg1 Kh7 51. h3 Nd3 52. Ng2 Bxc4 53. Nh4 Bf7 54. Qa5 Be6
55. Bxd3 exd3 56. Nf3 Bf7 57. Kf2 c4 58. Qc3 Kg8 59. Ng5 Qa7 60. Qb2 c3 0-1

[Event "17th Asian Cities"]
[Site "Jakarta INA"]
[Date "2011.04.25"]
[Round "5.2"]
[White "Golizadeh, Asghar"]
[Black "Tirto"]
[Result "1-0"]
[WhiteTitle "IM"]
[BlackTitle "IM"]
[WhiteElo "2492"]
[BlackElo "2337"]
[WhiteTeam "Tehran"]
[BlackTeam "Palembang"]
[WhiteFideId "12505269"]
[BlackFideId "7101058"]
[EventDate "2011.04.22"]

1. e4 e5 2. Nf3 Nf6 3. Nxe5 d6 4. Nf3 Nxe4 5. d4 d5 6. Bd3 Be7 7. O-O Nc6 8. Re1
Bg4 9. c4 Nf6 10. cxd5 Nxd5 11. Nc3 O-O 12. h3 Bh5 13. Bxh7+ Kxh7 14. Ng5+ Bxg5
15. Qxh5+ Kg8 16. Bxg5 Qd7 17. Re4 Qf5 18. Qg4 Qxg4 19. hxg4 f5 20. gxf5 Rxf5
21. Bh4 Ncb4 22. Bg3 Rd8 23. Rc1 c6 24. Nxd5 Rfxd5 25. Be5 Na6 26. Ra1 Nb4 1-0

[Event "17th Asian Cities"]
[Site "Jakarta INA"]
[Date "2011.04.25"]
[Round "5.3"]
[White "Sukandar, Irine Kharisma"]
[Black "Barus, Cerdas"]
[Result "0-1"]
[WhiteTitle "WGM"]
[BlackTitle "GM"]
[WhiteElo "2354"]
[BlackElo "2443"]
[WhiteTeam "Tarakan"]
[BlackTeam "Jakarta"]
[WhiteFideId "7101937"]
[BlackFideId "7100094"]
[EventDate "2011.04.22"]

1. e4 e5 2. Nf3 Nc6 3. Bb5 a6 4. Ba4 Nf6 5. O-O Be7 6. Re1 b5 7. Bb3 d6 8. c3
O-O 9. d4 Bg4 10. Be3 h6 11. Nbd2 Re8 12. h3 Bd7 13. a4 Bf8 14. dxe5 dxe5 15.
axb5 axb5 16. Qe2 Na5 17. Bc2 c5 18. Red1 Qc7 19. Nf1 Nc4 20. Bd3 Rxa1 21. Rxa1
Nxe3 22. Nxe3 c4 23. Bc2 Bc6 24. Nf5 Qb7 25. Ng3 Nd7 26. b3 cxb3 27. Bxb3 Nc5
28. Bd5 Bxd5 29. exd5 Qxd5 30. Qxb5 Qd7 31. c4 f6 32. Qxd7 Nxd7 33. Ra7 Nc5 34.
Nf5 Rb8 35. N3h4 Rb7 36. Ra8 Kf7 37. Ne3 Ne6 38. g3 Bc5 39. Nhf5 Rb2 40. Rc8 h5
41. Rc6 Bxe3 42. Nxe3 Ng5 43. h4 Nh3+ 44. Kg2 Nxf2 45. Kf3 g6 46. Rc7+ Kf8 47.
Rc8+ Ke7 48. Nd5+ Kd7 49. Rg8 Ng4 50. Rxg6 Ke6 51. Rg7 f5 52. Nc7+ Kd6 53. c5+
Kc6 54. Rg6+ Kxc7 55. Rc6+ Kb7 0-1

[Event "17th Asian Cities"]
[Site "Jakarta INA"]
[Date "2011.04.25"]
[Round "5.3"]
[White "Dewi, Aa Citra"]
[Black "Lioe, Dede"]
[Result "0-1"]
[WhiteTitle "WFM"]
[BlackTitle "IM"]
[WhiteElo "1994"]
[BlackElo "2418"]
[WhiteTeam "Tarakan"]
[BlackTeam "Jakarta"]
[WhiteFideId "7101244"]
[BlackFideId "7100566"]
[EventDate "2011.04.22"]

1. e4 c5 2. Nf3 e6 3. d4 cxd4 4. Nxd4 a6 5. Bd3 g6 6. O-O Bg7 7. c3 Ne7 8. Nd2
e5 9. Ne2 O-O 10. f4 d5 11. fxe5 Nbc6 12. Nf3 Bg4 13. exd5 Qxd5 14. Bc2 Qc5+ 15.
Kh1 Nxe5 16. Be4 Rad8 17. Qb3 Be6 18. Qc2 f5 19. Bxb7 Ng4 20. Bg5 Bc4 21. Nfd4
Qc7 22. Bf4 Qxb7 23. h3 Nf6 24. b3 Bd5 25. Ng1 Nh5 26. Bh2 Nc6 27. Ngf3 f4 28.
Rad1 Nxd4 29. Nxd4 Ng3+ 30. Bxg3 fxg3 31. Qe2 Qc8 32. Nf3 Bxf3 33. Rxf3 Rxf3 34.
Qxf3 Rxd1+ 35. Qxd1 Bxc3 36. Qd5+ Kh8 37. Qc4 Qxc4 38. bxc4 Bd4 39. h4 Bf6 40.
Kg1 Bxh4 41. Kf1 Bd8 42. Ke2 h5 43. Kf3 Bc7 44. c5 Kg7 45. Ke4 h4 46. a4 0-1

[Event "17th Asian Cities"]
[Site "Jakarta INA"]
[Date "2011.04.25"]
[Round "5.4"]
[White "Battulga, Namkhai"]
[Black "Thejkumar, M. S."]
[Result "1/2-1/2"]
[WhiteTitle "FM"]
[BlackTitle "IM"]
[WhiteElo "2420"]
[BlackElo "2458"]
[WhiteTeam "Erdenet"]
[BlackTeam "Bangalore"]
[WhiteFideId "4900880"]
[BlackFideId "5009154"]
[EventDate "2011.04.22"]

1. e4 d5 2. exd5 Nf6 3. c4 c6 4. d4 cxd5 5. Nc3 Be6 6. Nge2 dxc4 7. Nf4 Bg4 8.
f3 Bd7 9. Bxc4 e6 10. Qe2 Be7 11. d5 exd5 12. Ncxd5 Nxd5 13. Nxd5 Be6 14. Bb5+
Nc6 15. Nxe7 Qxe7 16. O-O O-O 17. Bxc6 Qc5+ 18. Be3 Qxc6 19. Rac1 Qd5 20. b3
Rfd8 21. Rfd1 Qe5 22. Qf2 Rxd1+ 23. Rxd1 a6 24. Bd4 Rd8 25. h4 Qf4 26. Rd2 Rc8
27. Rd1 Rd8 28. Rd2 Rc8 29. Rd1 Rd8 30. Rd2 Rc8 31. Bb2 h5 32. Rd4 Qf5 33. Rd2
Qf4 34. Rd4 Qf5 35. Re4 f6 36. Qg3 Kh7 37. Ba3 a5 38. Kh2 b5 39. Bd6 Rc6 40. Re3
b4 41. Re4 Bd5 42. Bf8 Qg6 43. Re7 Qxg3+ 44. Kxg3 Kg8 45. Bxg7 Bf7 46. Bh8 Bg6
47. Bg7 Bf7 48. Bh8 Bg6 49. Bg7 Bf7 50. Bh8 Bg6 51. Bg7 1/2-1/2

[Event "17th Asian Cities"]
[Site "Jakarta INA"]
[Date "2011.04.25"]
[Round "5.4"]
[White "Stany, G.A."]
[Black "Ganbold, Choidog"]
[Result "1-0"]
[WhiteElo "2407"]
[BlackElo "2196"]
[WhiteTeam "Bangalore"]
[BlackTeam "Erdenet"]
[WhiteFideId "5029104"]
[BlackFideId "4900480"]
[EventDate "2011.04.22"]

1. e4 Nf6 2. e5 Nd5 3. d4 d6 4. c4 Nb6 5. exd6 cxd6 6. Nc3 Nc6 7. Be3 Bf5 8. Nf3
Bg4 9. b3 e6 10. Be2 d5 11. c5 Nd7 12. O-O Bxf3 13. Bxf3 b6 14. Re1 Be7 15. Nxd5
exd5 16. Bxd5 Nb4 17. Bxa8 Qxa8 18. Bf4 Kf8 19. Rxe7 1-0